000 00490nam a22001697a 4500
005 20231108063343.0
008 231108b |||||||| |||| 00| 0 eng d
020 _a0409056375
041 _aAfrikaans
082 _a346.4 SON
100 _aSonnekus, JC
_lAfrikaans
245 _aSakereg Vonnisbundel /
_cJC Sonnekus
260 _aDurban :
_bButterworths,
_c1980
300 _bxxiii, 523 pages ;
_c23 cm.
650 _aLegal practice
_bLaw
942 _cBK
_6ALISON_BN_VRIES
999 _c395
_d395